Vplyv finančnej štruktúry na financovanie podniku jej optimalizácia bakalárska práca

Salvato in:
Dettagli Bibliografici
Autore principale: Konôpková, Terézia
Ente Autore: Fakulta podnikového manažmentu EU. Katedra podnikových financií
Altri autori: Harumová, Anna, 1955-
Natura: Libro
Lingua:slovacco
Pubblicazione: Bratislava 2024
Tags: Aggiungi Tag
Nessun Tag, puoi essere il primo ad aggiungerne!!

MARC

LEADER 00000nbm a2200000 4500
001 0301913
005 20250224105729.5
041 0 |a slo 
044 |a SK 
245 1 0 |a Vplyv finančnej štruktúry na financovanie podniku jej optimalizácia  |b bakalárska práca  |c Terézia Konôpková ; školiteľ: Anna Harumová 
264 1 |a Bratislava  |c 2024 
300 |a 55 s. 
100 1 |a Konôpková, Terézia 
700 1 |a Harumová, Anna, 1955- 
710 2 |a Fakulta podnikového manažmentu EU. Katedra podnikových financií